Trnava mapa mesta s mapou okolia /
Uložené v:
| Korporatívny autor: | |
|---|---|
| Médium: | Mapa |
| Jazyk: | Slovak English German Polish Hungarian |
| Vydané: |
Harmanec :
Vojenský kartografický ústav,
2007.
|
| Vydanie: | 4. vyd. |
| Témy: | |
| ISBN: |
9788080425258 (brož.) |
| Fyzický popis: |
1 mapa : fareb. ; 62 x 78 cm zlož. na 25 x 14 cm. |
| Tagy: |
Pridať tag
Žiadne tagy, Buďte prvý kto otaguje tento záznam!
|
Titul je dostupný aj v ... 

MARC
| LEADER | 00000nem a2200000 a 4500 | ||
|---|---|---|---|
| 001 | 000340899 | ||
| 005 | 20260219100411.0 | ||
| 008 | 080516s2007 xo bf zz a 1 z slo d | ||
| FMT | |||
| 020 | |a 9788080425258 (brož.) | ||
| 040 | |a SVKKK |b slo |c SVKKK |e AACR2 | ||
| 041 | 0 | |a slo |a eng |a ger |a pol |a hun | |
| 043 | |a e-xo--- | ||
| 044 | |a xo |c SK | ||
| 072 | 7 | |a 913(4) |x Geografia Európy, reálie, cestovanie |2 konspekt | |
| 080 | |a 913(437.6) |2 2001 | ||
| 080 | |a 912.43:911.375 |2 2001 | ||
| 080 | |a (084.3) |2 2001 | ||
| 110 | 2 | |a Vojenský kartografický ústav (Harmanec, Slovensko) | |
| 245 | 0 | 0 | |a Trnava |h kartografický dokument : |b mapa mesta s mapou okolia / |c [..., spracova, ... VKÚ]. |
| 250 | |a 4. vyd. | ||
| 255 | |a Mierka 1:10 000 | ||
| 255 | |a Mierka 1:50 000 | ||
| 260 | |a Harmanec : |b Vojenský kartografický ústav, |c 2007. | ||
| 300 | |a 1 mapa : |b fareb. ; |c 62 x 78 cm zlož. na 25 x 14 cm. | ||
| 500 | |a Obsahuje fotogr., rekl., inform., graf. mierku | ||
| 504 | |a Register ulíc a firiem | ||
| 546 | |a Súbežný text nem., angl., poľ., maď. | ||
| 651 | 7 | |a Trnava (Slovensko) |2 SVKKKPH | |
| 655 | 7 | |a mapy sídiel |2 SVKKKPH | |
| 910 | |a svkkk | ||
| 919 | |a 978-80-8042-525-8 | ||
| 998 | |a MP | ||
| OWN | |||
| Z30 | 1 | |l SCK01 |l SCK01 |m BOOK |1 SCKHL |2 SK14 |b Sklad Pribinova prízemie |3 IV.203520 |6 1002569 |q 20081009 |5 2720103904 |8 20081009 |f 70 |s Absenčne |g 000042719 |h SCKHL |z 150.00 |t 00000000 |u 0000 |w 000340899 |x 000010 | |
| a02 | 0 | |a 9788080425258 (brož.) | |
| 090 | |g SCKHL |k Sklad Pribinova prízemie |a IV.203520 |j 1002569 |i 2720103904 |s Absenčne | ||